Japanese clothing industry : A mature market

保存先:
書誌詳細
第一著者: Costa, Vickers da
フォーマット: 図書
言語:Undetermined
出版事項: London Barnard & Westwood 1984
主題:
タグ: タグ追加
タグなし, このレコードへの初めてのタグを付けませんか!
Thư viện lưu trữ: Trung tâm Học liệu Trường Đại học Cần Thơ
LEADER 00540nam a2200205Ia 4500
001 CTU_96678
008 210402s9999 xx 000 0 und d
082 |a 338.4 
082 |b C837 
100 |a Costa, Vickers da 
245 0 |a Japanese clothing industry : 
245 2 |b A mature market 
245 0 |c Vickers da Costa 
260 |a London 
260 |b Barnard & Westwood 
260 |c 1984 
650 |a Clothing trade 
650 |x Developing countries 
904 |i Giang 
980 |a Trung tâm Học liệu Trường Đại học Cần Thơ